Представление документа в формате MARC21

Поле Инд. ПП Название Значение
Тип записи a
Библиографический уровень m
001 Контрольный номер 0d2e7eb38b3a4a21a7ce2040573684de
005 Дата корректировки 20251015113037.8
020 a ISBN 978-5-369-01934-4(РИОР)
020 a ISBN 978-5-16-019056-3(ИНФРА-М)
c Цена, тираж 75-16
040 b Код языка каталог. rus
e Правила каталог. PSBO
041 0_ a Код языка текста rus
080 a Индекс УДК 005.4(075.8)
084 a Индекс другой классификации/Индекс ББК 65.291.3я73
090 a Полочн. индекс 65
c Каталожный индекс 65.291.3я73
x Авторский знак М89
097 b Оператор 02
100 1_ a Автор Музыкант В. Л.
245 10 a Заглавие Брендинг
b Продолж. заглавия учебное пособие
260 a Место издания Москва
b Издательство РИОР
c Дата издания 2024
300 a Объем 316 с.
440 _0 a Серия Высшее образование
440 _0 a Серия Азбука рекламы
510 0_ a Примечание о ссылках Книги и методические пособия
650 04 a Основная рубрика 06.01 Общие вопросы экономических наук
x Основная подрубрика 06.01.14 Коммерческие вопросы, маркетинг, конъюнктура, реклама
653 0_ a Ключевые слова менеджмент; управление брендом; реклама; брендинг
900 a Имя электронного ресурса Музыкант - Брендинг Управление брендом (1)
900 a Имя электронного ресурса Музыкант - Брендинг Управление брендом
901 t Тип документа m
952 b Гриф литературы для ВШ доп. УМО РФ
990 j Количество экземпляров (DOS) 5